Bonnard.

Tallennettuna:
Bibliografiset tiedot
Päätekijä: Bonnard, Pierre, 1867-1947
Muut tekijät: Laprade, Jacques de (préface)
Aineistotyyppi: Kirja
Kieli:englanti
Julkaistu: Amplepuis-Rhône, Lyon , France: Braun ; 1944.
Sarja:Couleurs des maitres
Aiheet:
Tagit: Lisää tagi
Ei tageja, Lisää ensimmäinen tagi!

MARC

LEADER 00000cam a22000001 4500
001 7409577
003 CL-VaPUC
005 20250123132525.0
008 750520s1944 xx 000 0 eng
999 |c 446782  |d 446780 
010 |a af 47000249  
035 |a (OCoLC)1344942 
040 |a DLC  |c Pontificia Universidad Católica de Valparaíso  |d DLC 
042 |a premarc 
050 0 0 |a ND553.B65  |b L3 
082 7 |a 759.4 BON 1944  |2 22 
100 1 |a Bonnard, Pierre,  |d 1867-1947.  |9 375498 
245 0 0 |a Bonnard. 
260 |a Amplepuis-Rhône, Lyon , France:  |b Braun ;  |c 1944. 
300 |a [18] p., 24 leaves of plates :  |b ill. (some col.) ;  |c 28 cm. -- 
490 0 |a Couleurs des maitres 
500 |a c.1. Instituto Arcos 8-1-2025. 
583 |c 20250123  |k Cristina María Rojas Aguilar 
600 |a Bonnard, Pierre,  |d 1867-1947  |x Pinturas  |9 895808 
700 1 |a Laprade, Jacques de  |e préface  |9 895809 
942 |2 ddc  |c BK  |n 1 
952 |0 0  |1 0  |2 ddc  |4 0  |6 759_400000000000000_BON_1944  |7 0  |8 A  |9 599842  |a BIBINC  |b BIBINC  |d 2025-01-23  |e Instituto Arcos   |i 5664753  |o 759.4 BON 1944  |p 5664753  |r 2025-01-23  |t 1  |w 2025-01-23  |y BK